Riconosci la Squadra di calcio - Quiz n°56 - Statistics

Statistiche generali
  • Questo quiz è stato fatto 7 volte
  • Il punteggio medio è 6 su 9
Statistiche sulle risposte
Indizio Risposta % Corretto
Titoli nazionali 2 Titoli di Germania3 Bundesliga 2
100%
Colori sociali Bianco, blu
100%
Divisione nazionale 2023-2024 Seconda
83%
Confederazione UEFA
83%
Trofei internazionali 4 Coppa Intertoto
67%
Trofei nazionali 2 Coppa di Lega tedesca
50%
Fondazione 1892
33%
Capienza Stadio 74 500 posti
33%
Squadra Hertha Berlino
33%
Nessun quiz corrispondente trovato
Distribuzione punteggi
Percentuale di utenti per punteggio
Percentile per numero di risposta
I tuoi punteggi nel tempo
Non hai fatto questo quiz